000 00658nam a2200265Ia 4500
005 20260306164532.0
008 008 260114s9999 xx 000 0 eng d
020 _a9780199940226
037 _aEBOOK
040 _aCRL
040 _beng
040 _cCRL
041 _2eng
041 _aeng
084 _qCRL
100 _aGuglielmo Cinque, Richard S. Kayne
_91131009
245 4 _aThe Oxford Handbook Of Comparative Syntax
260 _bOxford University Press
260 _c2008
650 _aLinguistics
856 _uhttps://academic.oup.com/edited-volume/40216
942 _cEBOOK
999 _c1714422
_d1714422